Estudio hidrológico e hidráulico para la evaluación de las obras de drenaje principales existente en el plantel Holcim de Nicaragua

Presenta un estudio hidrológico e hidráulico para la evaluación de las obras de drenaje principales existente en el plantel Holcin de Nicaragua, en el cual junto al estudio hidrológico de una cuenca se plantea la necesidad de realizar un análisis hidráulico de aquellas obras de drenaje existen...

Full description

Bibliographic Details
Main Authors: Garay Mendoza, David Abel, Palacios Roa, Ramiro José
Other Authors: Tutor: Lanza Mejía, Nestor Javier
Format: Tesis Section = Libro
Language:Undetermined
Spanish
Published: Managua UNI 2007
Subjects:
LEADER 01303nam a2200277Ia 4500
008 240830s9999 xx 000 0 und d
040 |a BIBLIOTECA-RUPAP Mon 627 G212 
041 |a spa 
082 |a Mon 627 G212 
100 1 |a Garay Mendoza, David Abel 
100 1 |b  Palacios Roa, Ramiro José 
245 1 0 |a Estudio hidrológico e hidráulico para la evaluación de las obras de drenaje principales existente en el plantel Holcim de Nicaragua 
260 |a Managua  |b UNI  |c 2007 
300 |a 57 p. :il. 
500 |a Contiene: anexos. 
502 |a Tesis (Ingeniero Civil)- UNI, 2007. 
520 3 |a Presenta un estudio hidrológico e hidráulico para la evaluación de las obras de drenaje principales existente en el plantel Holcin de Nicaragua, en el cual junto al estudio hidrológico de una cuenca se plantea la necesidad de realizar un análisis hidráulico de aquellas obras de drenaje existentes para conocer si tales obras son capaces de transportar diferentes caudales de escorrentía para distintos periodos de retorno. 
650 7 |a HIDRAULICA 
650 7 |b ESTUDIOS HIDRAULICOS 
650 7 |c ALCANTANRILLAS 
650 7 |d OBRAS DE DRENAJE 
650 7 |e ANALISIS HIDRAULICOS 
700 1 |a Tutor:  |b Lanza Mejía, Nestor Javier 
942 |c BK  |2 ddc 
991 |a TESIS 
999 |c 16173